000 00501nam a22001697a 4500
003 UA-OsUOA
001 18287
007 ta
008 20040427b un ||||| |||| 00| 0 ukr d
942 _cSA
040 _aUA-OsUOA
_cUA-OsUOA
_dUA-OsUOA
245 _aПолянській ЗОШ [Березнів. р-ну] - сто років
300 _aС.1
955 _a0
773 0 _w0
_tВісті Рівненщини
_dРівне
_d2004
_g№37/21 квіт./
650 7 _aКраєзнавча робота
_2UDC
999 _c304458
_d304458